000 00536nam a2200169Ia 4500
999 _c31707
_d31707
003 GCL
005 20240530102348.0
008 140319s9999 xx 000 0 ara d
040 _aGCL /
_cGCL
082 0 4 _a257
_bع ا
100 1 _aعبدالله العلايلى
245 1 0 _aاين الخطأ تصحيح مفاهيم ونظرة تجديد /
_cعبدالله العلايلى
260 _a[S.N] :
_bدار الجديد ،
_c1992
300 _a136 ص
650 0 4 _aالاسلام والاصلاح الدينى
942 _2ddc
_cBK